| 000 | 00702nam a2200181 a 4500 | ||
|---|---|---|---|
| 001 | BRCA_1903 | ||
| 005 | 20190320203609.0 | ||
| 008 | 060608s1997----gw-a---###---#000-0#spa-# | ||
| 050 | 4 |
_aNK2715 _b.C54 1997 |
|
| 245 | 1 | 0 |
_a100 [i.e. Cien] sillas clásicas _buna exposición de miniaturas del Vitra Design Museum. |
| 260 |
_aMunich _bVitra Design Museum _c1997 |
||
| 300 |
_a1 v. (sin paginación) _bil. _c17 cm. |
||
| 610 | 2 | 4 |
_aMuseo Vitra Design (Weil am Rhein, Suiza) _xColecciones de piezas a escala _95873 |
| 650 | 1 | 4 |
_aSillas _xDiseño _y1800-1990 _95874 |
| 650 | 1 | 4 |
_aMobiliario _xDiseño _ySiglos XIX y XX _95875 |
| 650 | 1 | 4 |
_aDiseñadores industriales _vBiografías _ySiglo XIX y XX _95876 |
| 942 |
_2lcc _cB |
||
| 999 |
_c1676 _d1676 |
||